000 00901nam a2200229 a 4500
005 20240920064012.0
008 991125s1976 mx 000 0 spa u
035 _aUPN01000007992
049 _aLTG
050 4 _aLC5255 M616a
_bC5 1976 LL
100 1 _aVázquez, Josefina Zoraida
_929473
245 1 0 _aCiencias sociales :
_bprimaria intensiva para adultos : tercera parte
_btercera parte /
_cJosefina Zoraida Vázquez de Knauth, Laura Barcia y Elizabeth Velázquez
260 _aMéxico :
_bSEP, Comisión Nacional de los Libros de Texto Gratuitos,
_c1976
300 _a215 p. :
_bil. col.
500 _a"Libro de texto gratuito"
650 4 _aEducación de adultos
_zMéxico
_95673
700 1 _aBarcia, Laura,
_ecoaut.
_933876
700 2 _aVelázquez, Elizabeth,
_ecoaut.
710 2 _aComisión Nacional de los Libros de Texto Gratuitos (México)
_928140
904 _aAC
_b007992
905 _aLibro
999 _c7992
_d7992